Liste # John Williams - Statistiques

Statistiques générales
  • Ce quiz a été pris 48 fois
  • Le résultat moyen est 26 sur 110
Statistiques - réponses
Hint Réponse % Correct
1993 Jurassic Park
80%
1997 Le Monde perdu : Jurassic Park
80%
1982 E.T l'extra-terrestre
76%
1993 La liste de Schindler
76%
1976 Les dents de la mer
73%
1978 Les Dents de la mer 2
73%
1980 Star Wars, épisode V : L'Empire Contre-attaque
73%
1977 Star Wars épisode IV : Un nouvel espoir
68%
1983 Star Wars, épisode VI : Le Retour du Jedi
68%
1999 Star Wars, épisode I : La menace fantôme
66%
2002 Harry Potter et la Chambre des secrets
63%
2008 Indiana Jones et le Royaume du crâne de cristal
63%
2002 Star Wars épisode II : l'Attaque des clones
63%
1989 Indiana Jones et la dernière croisade
61%
1984 Indiana Jones et le Temple Maudit
61%
2005 Star Wars, épisode III : La Revanche des Sith
61%
2004 Harry Potter et le Prisonnier d'Azkaban
59%
1981 Indiana Jones : Les aventuriers de l'arche perdue
59%
2015 Star Wars, épisode VII : Le Réveil de la Force
59%
2017 Star Wars, épisode VIII : Les Derniers Jedi
54%
2019 Star Wars, épisode IX : L'Ascension de Skywalker
49%
2002 Arrête-moi si tu peux
46%
1998 Il faut Sauver le Soldat Ryan
46%
1990 Maman, j'ai raté l'avion
46%
2005 La Guerre des mondes
39%
2004 Le Terminal
39%
2002 Minority Report
39%
2001 A.I Intelligence artificielle
37%
2011 Cheval de Guerre
37%
1991 Hook ou la Revanche du capitaine Crochet
37%
2016 Le Bon Gros Géant
37%
2012 Lincoln
37%
2006 Munich
37%
1978 Rencontres du troisième type
37%
1979 Superman
34%
1987 Superman 4
34%
1979 1941
32%
1989 Always
32%
2005 Mémoires d'une geisha
32%
1997 Amistad
29%
1987 Empire du Soleil
27%
2011 Les aventures de Tintin : Le Secret de la Licorne
27%
2017 Pentagon Papers
27%
1974 Sugarland express
22%
1972 Un violon sur le toit
22%
2001 Harry Potter à l'école des sorciers
12%
1991 JFK
12%
1975 La tour infernale
12%
1966 Les fusils du Far West
12%
1987 Les sorcières d'Eastwick
12%
1972 Images
10%
1972 L'aventure du Poséidon
10%
2013 La Voleuse de livres
10%
1972 Les cowboys
10%
1989 Né un 4 juillet
10%
1997 Sept ans au Tibet
10%
2018 Solo : A Star Wars Story
10%
1974 Tremblement de terre
10%
1962 Appartement pour homme seul
7%
1976 Complot de famille
7%
1950 Daddy-O
7%
1978 Furie
7%
1992 Horizons Lointains
7%
1977 La Bataille de Midway
7%
1984 La Rivière
7%
1966 L'Encombrant Monsieur John
7%
1976 Missouri Breaks
7%
1970 Reivers
7%
1995 Sabrina
7%
2000 The Patriot : Le Chemin de la liberté
7%
1965 A bout portant
5%
1977 Black Sunday
5%
1986 Cap Sur les étoiles
5%
1966 Comment Voler un million de dollars
5%
1974 Conrack
5%
1979 Dracula
5%
1969 Goodbye, Mr Chips
5%
1981 Heartbeeps
5%
1969 La boîte à chat
5%
1973 La chasse aux diplômes
5%
1975 La sanction
5%
1973 Le fantôme de Cat Dancing
5%
1973 Le Privé
5%
1999 Les cendres d'Angela
5%
1963 Le Seigneur d'Hawai
5%
1967 Les plaisirs de Pénélope
5%
1971 L'histoire d'une femme
5%
1998 Ma meilleure ennemie
5%
1982 Monsignor
5%
1995 Nixon
5%
1974 Permission d'aimer
5%
1973 Peter et Tillie
5%
1967 Petit guide pour Mari Volage
5%
1990 Présumé Innocent
5%
1966 Rancho bravo
5%
1997 Rosewood
5%
1996 Sleepers
5%
1990 Stanley et Iris
5%
1973 Tom Sawyer
5%
1988 Voyageur Malgré lui
5%
1961 Because they're Young
2%
2017 Dear Basketball
2%
1966 Deux minets pour Juliette
2%
1964 Gidget Goes To Rome
2%
1960 I Passed For White
2%
1961 Le Dernier Passage
2%
1965 L'île des braves
2%
1969 l'odyssée d'un sergent
2%
1992 Maman, j'ai encore raté l'avion
2%
1968 Un si gentil petit gang
2%
Aucun quiz correspondant
Distribution des résultats
% des personnes avec chaque résultat
Percentile par nombre de réponses
Votre historique - résultats
Vous n’avez pas pris ce quiz